书目信息 |
| 题名: |
毛泽东与国学
|
|
| 作者: | 李京波 编著 | |
| 分册: | ||
| 出版信息: | 北京 西苑出版社 2011.8 |
|
| 页数: | 392页 | |
| 开本: | 24cm | |
| 丛书名: | ||
| 单 册: | ||
| 中图分类: | A841.6 | |
| 科图分类: | ||
| 主题词: | 毛泽东思想研究--国学 , 毛泽东思想研究 , 国学 | |
| 电子资源: | ||
| ISBN: | 978-7-5151-0053-1 | |
| 000 | 00824nam0 2200253 45 | |
| 001 | 1360519343 | |
| 005 | 20130530171337.50 | |
| 010 | @a978-7-5151-0053-1@dCNY39.80 | |
| 100 | @a20130513d2011 em y0chiy50 ea | |
| 101 | 0 | @achi |
| 102 | @aCN@b110000 | |
| 105 | @ay z 000yy | |
| 106 | @ar | |
| 200 | 1 | @a毛泽东与国学@AMao Ze Dong Yu Guo Xue@f李京波编著@FLi Jing Bo Bian Zhu |
| 210 | @a北京@c西苑出版社@d2011.8 | |
| 215 | @a392页@d24cm | |
| 330 | @a本书共分为十二章,主要内容包括:博大精深的国学基础;毛泽东主要思想土壤——国学;大师中的大师;毛泽东国学活动简历;传统国学文化造就出的军事家等。 | |
| 606 | 0 | @a毛泽东思想研究@x国学 |
| 606 | 0 | @a毛泽东思想研究 |
| 606 | 0 | @a国学 |
| 690 | @aA841.6@v5 | |
| 701 | 0 | @a李京波@ALi Jing Bo@4编著 |
| 801 | @aCN@bTANGWEI@c20130522 | |
| 905 | @b0834609-10@dA841.6@e141@f2 | |
| 毛泽东与国学/李京波编著.-北京:西苑出版社,2011.8 |
| 392页;24cm |
| ISBN 978-7-5151-0053-1:CNY39.80 |
| 本书共分为十二章,主要内容包括:博大精深的国学基础;毛泽东主要思想土壤——国学;大师中的大师;毛泽东国学活动简历;传统国学文化造就出的军事家等。 |
| ● |
| 相关链接 |
|
|
|
|
正题名:毛泽东与国学
索取号:A841.6/141
 
预约/预借
| 序号 | 登录号 | 条形码 | 馆藏地/架位号 | 状态 | 备注 |
| 1 | 0834609 | 208346093 | 第一样本阅览室/ [索取号:A841.6/141] | 在馆 | |
| 2 | 0834610 | 208346100 | 第一借阅区/ [索取号:A841.6/141] | 在馆 |